000 00558nam a2200181 i 4500
001 25827
003 ES-MaACL
005 20230906153336.0
007 t|
008 030103s1948 sp ||||1| spa d
100 1 _aArellano Iturria, Santiago.
_922587
245 1 0 _aBrasa y ceniza
_b: poesías /
_cSantiago Arellano Iturria ; con prólogo de Angel Dotor.
250 _a2ª ed.
260 _aPamplona :
_b[s.n.,
_c1948] (
_fImp. Diocesana)
300 _a242 p. ;
_c18 cm.
700 1 _aDotor y Municio, Angel.
_945465
852 _aES-MaACL
_jC-4942
_bR.25906
999 _c25827
_d25827